[Event "DEN-ch KP Gr1"]
[Site "Svendborg"]
[Date "2023.04.05"]
[Round "1"]
[White "Christensen, John Christoffer H"]
[Black "Rasmussen, Matthias"]
[Result "1-0"]
[WhiteElo "1924"]
[BlackElo "1710"]
[PlyCount "23"]
[EventDate "2023.04.05"]
[EventType "swiss"]
[EventRounds "5"]
[EventCountry "DEN"]
[SourceTitle "CBM 213 Extra"]
[Source "ChessBase"]
[SourceDate "2023.05.31"]
[SourceVersion "1"]
[SourceVersionDate "2023.05.31"]
[SourceQuality "1"]

1. e4 e6 2. d4 d5 3. Nc3 Bb4 4. Nge2 dxe4 5. a3 Bxc3+ 6. Nxc3 Nc6 7. Bb5 Nge7 8. Bg5 Bd7 9. Nxe4 Nxd4 10. Qxd4 Bxb5 11. Qxg7 Kd7 12. 0-0-0+ 1-0

[Event "DEN-ch KP Gr1"]
[Site "Svendborg"]
[Date "2023.04.05"]
[Round "5"]
[White "Kronborg, Anders Farver"]
[Black "Rasmussen, Matthias"]
[Result "1-0"]
[WhiteElo "1727"]
[BlackElo "1710"]
[PlyCount "53"]
[EventDate "2023.04.05"]
[EventType "swiss"]
[EventRounds "5"]
[EventCountry "DEN"]
[SourceTitle "CBM 213 Extra"]
[Source "ChessBase"]
[SourceDate "2023.05.31"]
[SourceVersion "1"]
[SourceVersionDate "2023.05.31"]
[SourceQuality "1"]

1. d4 d5 2. c4 c6 3. Nc3 Nf6 4. Nf3 Bf5 5. cxd5 cxd5 6. Qb3 Qb6 7. Bf4 Nc6 8. e3 e6 9. Qxb6 axb6 10. Bb5 Bb4 11. Ne5 0-0 12. Bxc6 bxc6 13. Nxc6 Bxc3+ 14. bxc3 Ra3 15. Ne7+ Kh8 16. Nxf5 exf5 17. Bd6 Rfa8 18. Bxa3 Rxa3 19. 0-0 Ne4 20. Rfb1 Nxc3 21. Rxb6 g6 22. Rb3 Rxa2 23. Rxa2 Nxa2 24. Kf1 Kg7 25. Ke1 Nc1 26. Ra3 f4 27. exf4 1-0

[Event "Koge Lang Jubilee Weekend Gr-3"]
[Site "Koge"]
[Date "2022.07.09"]
[Round "7"]
[White "Rasmussen, Matthias"]
[Black "Kaergaard, Sissel"]
[Result "0-1"]
[WhiteElo "1583"]
[BlackElo "1588"]
[PlyCount "70"]
[EventDate "2022.07.06"]
[EventType "tourn"]
[EventRounds "9"]
[EventCountry "DEN"]
[SourceTitle "EXT 2024"]
[Source "ChessBase"]
[SourceDate "2023.10.10"]
[SourceVersion "1"]
[SourceVersionDate "2023.10.10"]
[SourceQuality "1"]

1. e4 e6 2. Nf3 d5 3. e5 Nd7 4. a3 g6 5. b4 Bg7 6. d4 Ne7 7. Bg5 0-0 8. Qd2 b6 9. Bd3 c5 10. c3 Bb7 11. h4 h5 12. Bh6 Nf5 13. Bg5 Qc7 14. Bxf5 exf5 15. Be7 Rfe8 16. Bd6 Qxd6 17. 0-0 Qc6 18. a4 cxb4 19. cxb4 Rac8 20. Ra2 Nf8 21. Re1 Ne6 22. Kh1 Rc7 23. Kg1 Rec8 24. Kh2 Qd7 25. Rd1 Qe7 26. Re1 Rc4 27. Rb2 a6 28. Na3 R4c7 29. Re3 Bh6 30. g3 Bxe3 31. Qxe3 Rc3 32. Qh6 Rxf3 33. g4 Qxh4+ 34. Kg2 Qh3+ 35. Kg1 Rc1+ 0-1

[Event "Koge Lang Jubilee Weekend Gr-3"]
[Site "Koge"]
[Date "2022.07.07"]
[Round "4"]
[White "Nielsen, Kai Gylling"]
[Black "Rasmussen, Matthias"]
[Result "1/2-1/2"]
[WhiteElo "1735"]
[BlackElo "1583"]
[PlyCount "46"]
[EventDate "2022.07.06"]
[EventType "tourn"]
[EventRounds "9"]
[EventCountry "DEN"]
[SourceTitle "EXT 2024"]
[Source "ChessBase"]
[SourceDate "2023.10.10"]
[SourceVersion "1"]
[SourceVersionDate "2023.10.10"]
[SourceQuality "1"]

1. e4 c6 2. Nf3 d5 3. exd5 cxd5 4. d4 Bf5 5. Nbd2 e6 6. Be2 Qc7 7. c3 Bd6 8. Nf1 h6 9. Bd3 Ne7 10. Ne3 Bg6 11. Qc2 0-0 12. 0-0 Nbc6 13. Bd2 e5 14. dxe5 Nxe5 15. Nxe5 Bxe5 16. g3 Rac8 17. Rac1 d4 18. cxd4 Qxc2 19. Bxc2 Bxd4 20. Bxg6 Nxg6 21. b3 Ne5 22. Kg2 Nd3 23. Rc4 Bxe3 1/2-1/2